000 00718nam a2200289Ia 4500
005 20260324122441.0
008 008 260324s9999 xx 000 0 eng d
020 _a9781003238201
037 _aEBOOK
040 _aCRL
040 _beng
040 _cCRL
041 _2eng
041 _aeng
084 _qCRL
100 _aScott Chamberlin
_91166500
245 0 _aStatistics for Kids
245 0 _bModel Eliciting Activities to Investigate Concepts in Statistics (Grades 4-6)
260 _bTaylor and Francis
260 _c2013
365 _a
365 _b110
856 _uhttp://www.taylorfrancis.com/books/9781003238201
942 _cEBOOK
999 _c1759248
_d1759248